Příjmy a výdaje čs. domácností, zejména domácností nepracujících důchodců v roce 1991.

Prehľad niektorých faktorov, ktoré ovplyvnili príjmy domácností v roku 1991. Vývoj cien po ich liberalizácii a vplyv tohto vývoja na rozpočet domácností: znížil sa objem nákupov a penzisti vyberajú tovar veľmi pozorne. Štatistické údaje o dopade vývoja cien na domácnosti dôchodcov.

Gespeichert in:
Bibliographische Detailangaben
1. Verfasser: Rýdl, D.
Format: Buchkapitel
Sprache:Tschechisch
Schlagworte:
Tags: Tag hinzufügen
Keine Tags, Fügen Sie das erste Tag hinzu!

MARC

LEADER 00000naa a2200000 4500
001 r011342
005 20220831091010.8
041 0 |a cze 
044 |a [CS] 
245 1 0 |a Příjmy a výdaje čs. domácností, zejména domácností nepracujících důchodců v roce 1991.  |c D. Rýdl 
520 |a Prehľad niektorých faktorov, ktoré ovplyvnili príjmy domácností v roku 1991. Vývoj cien po ich liberalizácii a vplyv tohto vývoja na rozpočet domácností: znížil sa objem nákupov a penzisti vyberajú tovar veľmi pozorne. Štatistické údaje o dopade vývoja cien na domácnosti dôchodcov. 
610 2 0 |a príjmy obyvateľstva 
610 2 0 |a výdavky obyvateľstva 
610 2 0 |a domácnosti 
610 2 0 |a dôchodcovia 
610 2 0 |a ČSFR 
610 2 0 |a údaje štatistické 
610 2 0 |a 1991 
610 2 0 |a ceny maloobchodné 
100 1 |a Rýdl, D.